Statistics for Can You Guess The Year?

Click here to take the quiz!

General Stats

  • This quiz has been taken 10 times
  • The average score is 17 of 22

Answer Stats

Answer% Correct
1990
90%
2001
90%
1968
80%
1979
80%
1980
80%
1985
80%
1992
80%
1993
80%
1999
80%
2004
80%
2009
80%
2012
80%
2015
80%
1988
70%
1989
70%
1996
70%
2002
70%
2010
70%
2013
70%
1981
60%
2000
60%
2008
60%

Score Distribution

Percentile by Number Answered

Percent of People with Each Score

Your Score History

You have not taken this quiz